Detalles MARC
| 000 -LIDER |
| fixed length control field |
00942nam a2200325 a 4500 |
| 001 - NÚMERO DE CONTROL |
| Identificador de número de control |
|
| 003 - IDENTIFICACDOR DE NÚMERO DE CONTROL |
| control field |
DO-SdBNP |
| 005 - DATE AND TIME OF LATEST TRANSACTION |
| control field |
20180215154109.0 |
| 008 - ELEMENTOS DE LONGITUD FIJA |
| fixed length control field |
890810s1996 xx j 000 1 eng |
| 010 ## - NUMERO DE CONTROL DE BIBLIOTECA DEL CONGRESO |
| LC control number |
|
| 020 ## - ISBN |
| International Standard Book Number |
1570821909 |
| 040 ## - FUENTE DE CATALOGACIÓN |
| Agencia que crea de manera original el registro |
BPMSU |
| Agencia que realiza la transcripción |
spa |
| Agencia que realiza la modificación |
BPMSU |
| 042 ## - CÓDIGO DE AUNTENTIFICACIÓN |
| Authentication code |
|
| 050 00 - NÚMERO DE CLASIFICACIÓN BIBLIOTECA DEL CONGRESO |
| Classification number |
|
| Item number |
|
| 082 00 - NÚMERO DE CLASIFICACIÓN DECIMAL DE DEWEY |
| Classification number |
|
| Edition number |
|
| 110 ## - ASIENTO PRINCIPAL--NOMBRE CORPORATIVO |
| Nombre corporativo o de jurisdicción |
Walt Disney Company. |
| 245 00 - MENCIÓN DE TITULO |
| Título |
Dumbo / |
| Mención de responsabilidad |
Helen Aberson and Harold Perl |
| 260 ## - PUBLICACIÓN, DISTRIBUCIÓN, ETC. (PIE DE IMPRENTA) |
| Lugar de publicación, distribución, etc |
United States of America : |
| Nombre del editor, distribuidor, etc. |
Rollabooks, |
| -- |
|
| Fecha de publicación, distribución, etc |
1996 |
| 300 ## - DESCRIPCIÓN FÍSICA |
| Extensión |
95 p. : |
| Otros detalles físicos |
ils ; |
| Dimensiones |
33 cm. |
| 520 ## - RESUMEN, ETC. |
| Nota de resumen, etc. |
A little elephant uses his enormous ears to become the star of the circus. |
| 650 #1 - ENCABEZAMIENTO DE MATERIA--TEMÁTICO |
| Término temático o nombre geográfico como elemento de entrada |
Elephants |
| Subdivisión temática general |
Fiction. |
| 650 #1 - ENCABEZAMIENTO DE MATERIA--TEMÁTICO |
| Término temático o nombre geográfico como elemento de entrada |
Circus |
| Subdivisión temática general |
Fiction. |
| 700 ## - ASIENTO SECUNDARIO -- NOMBRE PERSONAL |
| Nombre personal |
Aberson, Helen |
| 700 ## - ASIENTO SECUNDARIO -- NOMBRE PERSONAL |
| Nombre personal |
Perl, Harold |
| 710 2# - ASIENTO SECUNDARIO -- NOMBRE CORPORATIVO |
| Nombre corporativo o de jurisdicción |
Walt Disney Company. |
| 730 0# - ADDED ENTRY--UNIFORM TITLE |
| Uniform title |
Wonderful world of Disney (Television program) |
| 942 ## - ADDED ENTRY ELEMENTS (KOHA) |
| Source of classification or shelving scheme |
Dewey Decimal Classification |
| Koha item type |
Libros |
| 956 ## - LOCAL ELECTRONIC LOCATION AND ACCESS (OCLC) |
| Nombre de host |
VMATEO |
| Número de acceso |
10 |
| Información de compresión |
20170114 |
| Trayectoria |
BPMSU |
| Nombre Electrónico |
0069 |